Council tax (Record no. 108039)

MARC details
000 -LEADER
fixed length control field 01328cam a22002655a 4500
001 - CONTROL NUMBER
control field L142985
008 - FIXED-LENGTH DATA ELEMENTS--GENERAL INFORMATION
fixed length control field 080331s2008 xxkad f s 000 0 eng d
020 ## - INTERNATIONAL STANDARD BOOK NUMBER
International Standard Book Number 9781905782215
035 ## - SYSTEM CONTROL NUMBER
System control number (Sirsi) u142985
041 0# - LANGUAGE CODE
Language code of text/sound track or separate title eng
050 04 - LIBRARY OF CONGRESS CALL NUMBER
Classification number 336.185 $2 18
100 1# - MAIN ENTRY--PERSONAL NAME
Personal name Lovell, Bill
245 00 - TITLE STATEMENT
Title Council tax
Remainder of title your guide
260 ## - PUBLICATION, DISTRIBUTION, ETC.
Place of publication, distribution, etc. London
Name of publisher, distributor, etc. IRRV
Date of publication, distribution, etc. 2008
300 ## - PHYSICAL DESCRIPTION
Extent 114p.
Dimensions 21cm.
350 ## - PRICE (NR) (BK AM CF MU VM SE) [OBSOLETE]
Price 19
505 2# - FORMATTED CONTENTS NOTE
Formatted contents note Introduction -- Council tax, a tax on property -- The "person" element and discounts -- Properties exempt from council tax -- Can I pay less? Reductions and council tax benefits -- How local councils set their council tax -- The rights of appeal -- Paying the council tax -- Local taxes - a brief history and a look ahead -- Annex: average council taxes in Great Britain 2007-08 -- Index
520 ## - SUMMARY, ETC.
Summary, etc. Thorough guide to council tax introduces the history of council tax, how it is determined and collected, discounts and statistics for average amounts charged throughout the United Kingdom. Of interest to all those who either own or rent residential property, as well as those involved in valuations.
521 ## - TARGET AUDIENCE NOTE
Target audience note General
590 ## - LOCAL NOTE (RLIN)
Local note KA
651 #4 - SUBJECT ADDED ENTRY--GEOGRAPHIC NAME
Geographic name United Kingdom
Chronological subdivision
690 ## - LOCAL SUBJECT ADDED ENTRY--TOPICAL TERM (OCLC, RLIN)
Topical term or geographic name as entry element PROPERTY-RESIDENTIAL PROPERTY-RESIDENTIAL PROPERTY TAXATION-COUNCIL TAX
700 1# - ADDED ENTRY--PERSONAL NAME
Personal name Hepworth, Moira
942 ## - ADDED ENTRY ELEMENTS (KOHA)
Suppress in OPAC 0
Holdings
Withdrawn status Lost status Source of classification or shelving scheme Damaged status Not for loan Home library Current library Shelving location Date acquired Cost, normal purchase price Total Checkouts Full call number Barcode Date last seen Date last checked out Copy number Cost, replacement price Price effective from Koha item type
    Dewey Decimal Classification     London London Books 13/05/2008 19.00 1 336.185 LOV 30074378 06/08/2019 05/01/2009 1 19.00 06/08/2019 Book